Cuentos /
Guardat en:
| Autor principal: | |
|---|---|
| Altres autors: | |
| Format: | Llibre |
| Idioma: | Spanish |
| Publicat: |
San José, Costa Rica:
A. Lehman,
1968.
|
| Matèries: | |
| Etiquetes: |
Afegir etiqueta
Sense etiquetes, Sigues el primer a etiquetar aquest registre!
|
MARC
| LEADER | 00000cam a2200000 4500 | ||
|---|---|---|---|
| 001 | 1013425 | ||
| 005 | 20170512090103.0 | ||
| 008 | 731214s1968 cr c r 001 1dspa u | ||
| 040 | |c OUN |d OCL |d RQO |d CRU CIICLA | ||
| 082 | |a CR863.4 |b G6439c | ||
| 100 | 1 | |a González Zeledón, Manuel |d 1864-1936 | |
| 245 | 1 | 0 | |a Cuentos / |c Manuel González Zeledón; estudio preliminar, edición y glosario de Jose M. Arce |
| 260 | |a San José, Costa Rica: |b A. Lehman, |c 1968. | ||
| 300 | |a xlv, 416 páginas: |b retrato | ||
| 650 | 7 | |9 76 |a LITERATURA COSTARRICENSE |v CUENTOS | |
| 700 | 1 | |a Arce, José M. | |
| 942 | |2 ddc |c BK | ||
| 999 | |c 3936 |d 3936 | ||
